000 01003nam a2200229Ii 4500
003 JO-AjNU
008 230605s9999||||xx |||||||||||||| ||und||
017 _a2009/6/2649
020 _a978-9957-24-517-7
040 _aJO-AjNU
_bara
_erda
_cJO-AjNU
041 _aara
050 1 4 _aHQ 783 .M836 2010
100 3 _aعلي، محمد النوبي محمد,
_eauthor
_929890
245 0 0 _aالتنشئة الأسرية وطموح الأبناء العاديين وذوي الأحتياجات الخاصة : دليل الوالدين وذوي الأحتياجات الخاصة
250 _aط1
264 3 1 _aعمان: دار صفاء للنشر والتوزيع، 2010
300 _a271ص
_bيحتوي ببلوغرافية من ص 241-271ص
336 _atext
_btxt
_2rdacontent
337 _aunmediated
_bn
_2rdamedia
338 _avolume
_bnc
_2rdacarrier
650 4 _aالتنشئة الاجتماعية - تنشئة اسرية - الاطفال - تربية - الاباء والابناء
_929891
999 _aA11781
_c15349
_d15349